| 000 | 02546 a2200229 4500 | ||
|---|---|---|---|
| 001 | 15470 | ||
| 005 | 20260407155450.0 | ||
| 008 | 260407a1986 arg spa d | ||
| 003 | AR-UNSa-BCEJYS | ||
| 040 |
_aAR-UNSa-BCEJYS _bspa _cAR-UNSa-BCEJYS |
||
| 080 |
_a347.41 _xObligaciones en general (civil) |
||
| 245 | 1 | 0 | _aCompendio de derecho de las obligaciones |
| 020 | _a950-536-020-7 | ||
| 264 | 1 |
_aLa Plata : _bLEP (Librería Editora Platense) _c1986 |
|
| 300 |
_a2 v. (812, 990 p.) _c23 cm. |
||
| 505 | _aVol. I: 1. Nociones generales - 2. Elementos de las obligaciones - 3. Efectos de las obligaciones - 4. Efectos de las obligaciones (conclusión). La indemnización del daño - 5. Derechos del acredor sobre el patrimonio del deudor - 6. Inejecución inimputable - 7. Clasificación - 8. Obligaciones de prestación determinada - 9. Obligaciones en cuanto a la naturaleza del objeto (continuación) - 10. Obligaciones de sujeto múltiple o plurarl. Obligaciones divisibles e indivisibles - 11. Obligaciones de sujeto múltiple o plural (continuación). Obligaciones simplemente mancomunadas y solidarias - 12. Obligaciones modales - 13. Obligaciones modales (conclusión). Obligaciones prinicipales y accesorias -- Vol. II: 14. Transmisión de las obligaciones - 15. Trasmisión de las obligaciones (conclusión) - 16. Reconocimiento de las obligaciones - 17. Medio de extinción de las obligaciones. Generalidades - 18. Pago - 19. Pago por consignación - 20. Novación - 21. Dación en pago - 22. Compensación - 23. Transaccion - 24. Confusión - 25. Renuncia y remisión de deuda - 26. Imposibilidad de pago - 27. Prescripción extintiva - 28. Extinción global de las obligaciones - 29. Fuentes de las obligaciones - 30. Actos ílicitos y responsabilidad civil - 31. Deslinde de los campos de la responsabilidad contractual y delictual - 32. Elementos de la responsabilidad civil extracontractual: El daño - 33. Elementos de la responsabilidad civil extracontractual: La infracción de un deber jurídico - 34. Elementos de la responsabilidad civil extracontractual: Relación de causalidad e imputabilidad - 35. Responsabilidad por el hecho de otro - 36. Responsabilidad por el hecho de las cosas - 37. Ejercicio de la acción indemnizatoria - 38. Relaciones entre la acción civil y la penal | ||
| 942 | _cBK | ||
| 590 | _aniveau_biblio:m niveau_hierar:0 | ||
| 100 | 1 | _aTrigo Represas, Félix A | |
| 700 | 1 | _aCazeaux, Pedro N. | |
| 856 | 4 | 1 |
_uhttps://biblioeco.unsa.edu.ar/pmb/images/libros/L119068.jpg _yImagen de portada _qimage/jpeg |
| 999 |
_c649 _d649 |
||